000 00560nam a2200229Ia 4500
003 0100
008 130227s9999 xx 000 0 und d
020 _a088347106X
040 _cARRUPELIB
050 _aBX1406.2.G696
100 _aGreeley, Andrew M.
245 _aCrisis in the Church
245 _bA study of religion in America
260 _aChicago
260 _bThomas More Press
260 _C1979
300 _a264p
300 _b 23cm
650 _bGod - Comparative studies
650 _cAfrica Sub-Saharan - Religion
942 _2lcc
_01
999 _c1155
_d1155